000 00960nam a22002417a 4500
005 20240530110953.0
008 221218s2022 ua afh f b 000 0 ara d
017 _a2021/27566
_bمصر. دار الكتب
020 _a9789776926578
040 _aEG-CaGPL
_cEG-CaGPL
082 0 4 _221
_a723.3
_bق/م ق
100 0 _aمحمد عبدالستار عثمان
245 1 0 _aقراءات جديدة فى العمارة الفاطمية فى مصر /
_cمحمد عبدالستار عثمان
250 _aط.1
260 _aالاسكندرية :
_bدار الوفاء لدنيا الطباعة و النشر،
_c2022.
300 _a300 ص. :
_bايض ؛
_c24 سم.
504 _aيشتمل على ارجاعات ببليوجرافية
650 0 7 _2qrmak
_aالعمارة الفاطمية
_xتاريخ
_zمصر
650 0 7 _2qrmak
_aالعمارة
_xتاريخ
_zمصر
651 _2qrmak
942 _2ddc
_cBK
999 _c67031
_d67031